LEADER 01204cam2 22002891 450 001 SOBE00020254 005 20120510131911.0 100 $a20111130d1964 |||||ita|0103 ba 101 $aspa 102 $aES 200 0 $a2$festudio preliminar y edicion de Manuel Fernandez Alvarez 210 $aMadrid$cAtlas$d1964 215 $a498 p.$c1 ill.$d26 cm 225 2 $aBiblioteca de autores españoles$h(continuacion)$v173 410 1$1001SOBE00018834$12001 $a*Biblioteca de autores españoles. (continuacion)$v173 461 1$1001SOBE00020249$12001 $aMemorias del Reinado de Isabel 2. / Marques de Miraflores ; edicion y estudio preliminar de Manuel Fernandez Suarez 700 1$aPando Fernandez de Pinedo$b, Manuel : de Miraflores $3SOBA00001916$4070$0394589 702 1$aFernández Álvarez, Manuel$3A600200058531$4070 801 0$aIT$bUNISOB$c20120510$gRICA 850 $aUNISOB 852 $aUNISOB$j860|Coll|1|K$m20216 912 $aSOBE00020254 940 $aM 102 Monografia moderna SBN 941 $aW 957 $a860|Coll|1|K$b000076$i-2$gSI$d20216$racquisto$tI$1vittorini$2UNISOB$3UNISOB$420111130104607.0$520120510131939.0$6vittorini 996 $a2$91720514 997 $aUNISOB LEADER 02657nam 2200541Ia 450 001 9910969008603321 005 20251117094607.0 010 $a1-280-92925-1 010 $a1-84663-535-7 035 $a(CKB)2550000000072697 035 $a(EBL)3009167 035 $a(SSID)ssj0000948600 035 $a(PQKBManifestationID)11593929 035 $a(PQKBTitleCode)TC0000948600 035 $a(PQKBWorkID)10950168 035 $a(PQKB)11245976 035 $a(OCoLC)560347770 035 $a(MiAaPQ)EBC3009167 035 $a(BIP)46150687 035 $a(EXLCZ)992550000000072697 100 $a20070112d2007 uy 0 101 0 $aeng 135 $aur|n|---||||| 181 $ctxt 182 $cc 183 $acr 200 00$aReadings in technology in education $eselected papers from the international conference on information and communications technology in education 2006 /$fguest editors Simon Shurville and Ken Fernstrom 205 $a1st ed. 210 $aBradford $cEmerald Group Press$dc2007 215 $a1 online resource (73 p.) 225 0 $aCampus-Wide Information Systems ;$v24, no. 3 300 $aDescription based upon print version of record. 311 08$a1-84663-534-9 327 $a""Cover""; ""CONTENTS""; ""EDITORIAL ADVISORY BOARD""; ""Guest editorial""; ""Changing paradigms: managed learning environments and Web 2.0""; ""Sustaining online teacher professional development through community design""; ""Designing interactive learning environments: an approach from first principles""; ""Learning design: requirements, practice and prospects""; ""Virtual learning environments""; ""Ethics in the information exploitation and manipulation age"" 330 $aThis e-book presents a selection of papers from The International Conference in Information and Communications Technology in Education (ICICTE), which was held on Rhodes in July 2006. The papers selected for this e-book are influenced by the theme of global educational networks and explore professional development to remain abreast of pedagogic and technological innovations and also consider the ethics of applying ICT in education. 606 $aHigh technology and education 606 $aUniversities and colleges$zUnited States$xCommunication systems 615 0$aHigh technology and education. 615 0$aUniversities and colleges$xCommunication systems. 701 $aShurville$b Simon$01868894 701 $aFernstrom$b Ken$01868895 801 0$bMiAaPQ 801 1$bMiAaPQ 801 2$bMiAaPQ 906 $aBOOK 912 $a9910969008603321 996 $aReadings in technology in education$94476942 997 $aUNINA